Album - Shawn by Shawn Mendes - Statistics

General Stats
  • This quiz has been taken 25 times
  • The average score is 9 of 12
Answer Stats
Songs % Correct
2 Why Why Why
100%
6 Heart Of Gold
84%
1 Who I Am
79%
12 Hallelujah
74%
5 Isn't That Enough
74%
4 Nobody Knows
74%
10 The Mountain
74%
7 Heavy
68%
11 Rollin' Right Along
68%
8 That'll Be The Day
68%
3 That's The Dream
68%
9 In Between
63%
No matching quizzes found
Score Distribution
Percent of People with Each Score
Percentile by Number Answered
Your Score History
You have not taken this quiz